LIBRARY & INFORMATION CENTRE, KCAET, TAVANUR

ONLINE PUBLIC ACCESS CATALOGUE (OPAC)

Code of practice for laying in-situ cement concrete flooring (Record no. 6962)

MARC details
000 -LEADER
fixed length control field 00618cam a2200145ua 4500
041 ## - LANGUAGE CODE
Language code of text/sound track or separate title eng
082 ## - DEWEY DECIMAL CLASSIFICATION NUMBER
Classification number 331.3
Item number IND/CO
245 ## - TITLE STATEMENT
Title Code of practice for laying in-situ cement concrete flooring
260 ## - PUBLICATION, DISTRIBUTION, ETC. (IMPRINT)
Place of publication New Delhi :
Name of publisher Indian Standards Institution ,
Year of publication 1971.
300 ## - PHYSICAL DESCRIPTION
Number of Pages 25 ; .
942 ## - ADDED ENTRY ELEMENTS (KOHA)
Koha item type Books
Holdings
Withdrawn status Lost status Damaged status Home library Current library Date acquired Full call number Accession Number Koha item type
      KAUAET KAUAET 07/04/2012 331.3 17070 Standards
free website counter